Países con Mayor Esperanza de vida - Estadísticas

Estadísticas generales
  • Esta prueba ha sido intentada 65 veces
  • La puntuación promedio es 29 de 40
Estadísticas de respuestas
Esperanza de vida (años) País % Correcto
83,67 España
98%
84,71 Japón
98%
83,26 Suecia
98%
82,63 Canadá
96%
83,31 Noruega
96%
81,38 Alemania
95%
83,92 Australia
95%
83,33 Francia
95%
83,72 Italia
95%
81,96 Austria
93%
81,91 Finlandia
93%
83,95 Suiza
91%
82,69 Islandia
89%
82,09 Nueva Zelanda
89%
81,30 Reino Unido
89%
84,33 Corea del Sur
88%
82,36 Portugal
88%
82,11 Bélgica
84%
81,93 Dinamarca
84%
81,86 Grecia
82%
84,04 Andorra
81%
82,41 Irlanda
79%
82,23 Luxemburgo
79%
82,16 Países Bajos
79%
81,60 Eslovenia
74%
79,83 República Checa
70%
81,17 Chile
65%
83,30 Malta
63%
83,74 Singapur
63%
82,41 Israel
61%
82,91 Emiratos Árabes Unidos
49%
82,37 Qatar
49%
81,65 Chipre
46%
80,41 Kuwait
42%
81,28 Baréin
40%
79,60 Albania
39%
80,80 Costa Rica
30%
80,03 Omán
30%
81,04 Maldivas
12%
85,51 Hong Kong
5%
No se encontraron pruebas coincidentes
Distribución de puntuación
Porcentaje de gente con cada puntuación
Porcentaje por número respondido
Historial de tus puntuaciones
No has intentado esta prueba.